[Event "GER-ch49 final email"]
[Site "GER email"]
[Date "2019.02.19"]
[Round "?"]
[White "Baer, Lutz"]
[Black "Hesse, Olaf"]
[Result "1/2-1/2"]
[WhiteElo "2430"]
[BlackElo "2462"]
[PlyCount "114"]
[EventDate "2019.??.??"]
[EventType "tourn (corr)"]
[EventRounds "14"]
[EventCountry "GER"]
[SourceTitle "Corr 2020"]
[Source "ChessBase"]
[SourceDate "2019.09.30"]
[SourceVersion "1"]
[SourceVersionDate "2019.09.30"]
[SourceQuality "1"]

1. d4 d5 2. c4 e6 3. Nf3 Nf6 4. Nc3 c6 5. Bg5 h6 6. Bh4 dxc4 7. e4 g5 8. Bg3 b5 9. h4 g4 10. Ne5 Nbd7 11. Be2 Bb7 12. 0-0 Nxe5 13. Bxe5 Rg8 14. g3 a6 15. Re1 Nd7 16. Bf4 h5 17. Qc2 Rg6 18. Rad1 e5 19. dxe5 Qe7 20. Qd2 0-0-0 21. Bg5 Rxg5 22. hxg5 Qe6 23. Kg2 Be7 24. Rh1 b4 25. Na4 c5 26. Qf4 Qg6 27. Rxh5 Qxh5 28. Rxd7 Rh8 29. Nb6+ Kb8 30. e6+ Ka7 31. Nc8+ Rxc8 32. Bxg4 Qxg5 33. exf7 Qxf4 34. gxf4 Bf8 35. f3 Kb6 36. Be6 c3 37. bxc3 Rc7 38. Rd1 bxc3 39. Rc1 Bc8 40. Bd5 c4 41. Rxc3 Kb5 42. Rc1 c3 43. Kf2 a5 44. Ke3 c2 45. f5 a4 46. Kd3 Ba6 47. Rxc2 Rxc2 48. Kxc2 Kc5 49. Kc3 Bg7+ 50. Kc2 Kd4 51. f6 Bf8 52. Bc6 a3 53. f4 Bd3+ 54. Kd2 Bb4+ 55. Kd1 Bb1 56. Bd5 Kd3 57. Bb3 Kxe4 1/2-1/2

[Event "GER-ch49 final email"]
[Site "GER email"]
[Date "2019.02.19"]
[Round "?"]
[White "Kraft, Dieter"]
[Black "Baer, Lutz"]
[Result "1/2-1/2"]
[WhiteElo "2484"]
[BlackElo "2430"]
[PlyCount "72"]
[EventDate "2019.??.??"]
[EventType "tourn (corr)"]
[EventRounds "14"]
[EventCountry "GER"]
[SourceTitle "Corr 2020"]
[Source "ChessBase"]
[SourceDate "2019.09.30"]
[SourceVersion "1"]
[SourceVersionDate "2019.09.30"]
[SourceQuality "1"]

1. d4 d5 2. c4 c6 3. Nf3 Nf6 4. Nc3 e6 5. Bg5 dxc4 6. e4 b5 7. e5 h6 8. Bh4 g5 9. Nxg5 hxg5 10. Bxg5 Nbd7 11. g3 Bb7 12. Bg2 Qb6 13. exf6 0-0-0 14. 0-0 c5 15. d5 b4 16. Na4 Qb5 17. a3 Nb8 18. axb4 cxb4 19. Qg4 Bxd5 20. Rfc1 Nc6 21. Bxd5 Rxd5 22. Rxc4 Rxg5 23. Qd4 Kb8 24. Rxc6 Rxg3+ 25. fxg3 Qxc6 26. Rd1 Qc7 27. b3 Kc8 28. Qe3 Kb8 29. Qd2 Bc5+ 30. Nxc5 Qxc5+ 31. Qd4 Qc3 32. Qxc3 bxc3 33. Rc1 Rc8 34. Kf2 Rc5 35. Ke3 Kc7 36. g4 Kd6 1/2-1/2

[Event "GER-ch48 final email"]
[Site "GER email"]
[Date "2018.09.24"]
[Round "?"]
[White "Baer, Lutz"]
[Black "Franke, Heiko"]
[Result "1/2-1/2"]
[WhiteElo "2424"]
[BlackElo "2393"]
[PlyCount "47"]
[EventDate "2018.??.??"]
[EventType "tourn (corr)"]
[EventRounds "14"]
[EventCountry "GER"]
[SourceTitle "Corr 2020"]
[Source "ChessBase"]
[SourceDate "2019.09.30"]
[SourceVersion "1"]
[SourceVersionDate "2019.09.30"]
[SourceQuality "1"]

1. d4 d5 2. c4 c6 3. Nf3 Nf6 4. Nc3 e6 5. Bg5 h6 6. Bh4 dxc4 7. e4 g5 8. Bg3 b5 9. Be2 Bb7 10. 0-0 Nbd7 11. Ne5 h5 12. Nxd7 Qxd7 13. Qc1 Rg8 14. Rd1 a6 15. b3 cxb3 16. axb3 Bb4 17. Be5 Ng4 18. Bg3 Nf6 19. Na2 Be7 20. Qe3 Ng4 21. Qc3 Nf6 22. Qe3 Ng4 23. Qc3 Nf6 24. Qe3 1/2-1/2

[Event "GER-ch48 final email"]
[Site "GER email"]
[Date "2018.09.24"]
[Round "?"]
[White "Hanel, Roland"]
[Black "Baer, Lutz"]
[Result "1/2-1/2"]
[WhiteElo "2348"]
[BlackElo "2424"]
[PlyCount "58"]
[EventDate "2018.??.??"]
[EventType "tourn (corr)"]
[EventRounds "14"]
[EventCountry "GER"]
[SourceTitle "Corr 2020"]
[Source "ChessBase"]
[SourceDate "2019.09.30"]
[SourceVersion "1"]
[SourceVersionDate "2019.09.30"]
[SourceQuality "1"]

1. e4 c5 2. Nc3 Nc6 3. Nf3 e5 4. Bc4 Be7 5. d3 Nf6 6. Nd2 d6 7. Nf1 Bg4 8. f3 Be6 9. Ne3 0-0 10. a3 Nh5 11. Ncd5 Bg5 12. 0-0 h6 13. Bd2 Ne7 14. g3 Nxd5 15. Nxd5 Bxd2 16. Qxd2 b6 17. Nc3 Nf6 18. Rae1 a6 19. a4 Qd7 20. b3 Ra7 21. Re2 Ne8 22. Qe3 Kh7 23. h4 Nf6 24. g4 Qe8 25. Rg2 g6 26. Rgf2 Qe7 27. Rg2 Bd7 28. Kh2 Kg7 29. Qf2 Qe8 1/2-1/2

[Event "GER-ch48 final email"]
[Site "GER email"]
[Date "2018.09.24"]
[Round "?"]
[White "Schaefer, Uwe"]
[Black "Baer, Lutz"]
[Result "1-0"]
[WhiteElo "2460"]
[BlackElo "2424"]
[PlyCount "101"]
[EventDate "2018.??.??"]
[EventType "tourn (corr)"]
[EventRounds "14"]
[EventCountry "GER"]
[SourceTitle "Corr 2020"]
[Source "ChessBase"]
[SourceDate "2019.09.30"]
[SourceVersion "1"]
[SourceVersionDate "2019.09.30"]
[SourceQuality "1"]

1. d4 d5 2. c4 c6 3. Nf3 Nf6 4. Nc3 e6 5. Bg5 h6 6. Bh4 dxc4 7. e4 g5 8. Bg3 b5 9. Ne5 Nbd7 10. Be2 Bb7 11. 0-0 Bg7 12. Nxd7 Qxd7 13. e5 Nd5 14. Ne4 Bf8 15. a4 Be7 16. Bf3 a6 17. Qe2 a5 18. Nd6+ Bxd6 19. exd6 b4 20. Rfe1 Ba6 21. Rac1 Kd8 22. Qd2 Kc8 23. Be2 Nb6 24. f4 gxf4 25. Qxf4 Rg8 26. Bh5 Rf8 27. Qe5 Nd5 28. Be2 c3 29. bxc3 Bxe2 30. Qxe2 bxc3 31. Rb1 Nb4 32. Rec1 c2 33. Rb2 Rg8 34. Be5 Ra7 35. Rbxc2 Nxc2 36. Rxc2 Kb7 37. Qe4 f5 38. Qd3 Rb8 39. h4 Ra6 40. Qe3 Rb6 41. Qxh6 Rg8 42. Qc1 Rb4 43. Rc3 Rxa4 44. h5 Rb4 45. h6 Rb6 46. Qc2 Rb5 47. Rb3 Rg6 48. Rh3 Qh7 49. d7 Rg8 50. Bf6 Qxd7 51. h7 1-0

[Event "GER-ch48 final email"]
[Site "GER email"]
[Date "2018.09.24"]
[Round "?"]
[White "Tauber, Hans"]
[Black "Baer, Lutz"]
[Result "1/2-1/2"]
[WhiteElo "2511"]
[BlackElo "2424"]
[PlyCount "60"]
[EventDate "2018.??.??"]
[EventType "tourn (corr)"]
[EventRounds "14"]
[EventCountry "GER"]
[SourceTitle "Corr 2020"]
[Source "ChessBase"]
[SourceDate "2019.09.30"]
[SourceVersion "1"]
[SourceVersionDate "2019.09.30"]
[SourceQuality "1"]

1. d4 Nf6 2. c4 e6 3. g3 d5 4. Bg2 Be7 5. Nf3 0-0 6. 0-0 dxc4 7. Qc2 c6 8. Qxc4 b5 9. Qc2 Bb7 10. Nc3 Nbd7 11. Rd1 Qb6 12. Ne5 Nxe5 13. dxe5 Ng4 14. Ne4 Nxe5 15. Bf4 Ng6 16. Bd6 Rad8 17. b4 Bc8 18. a4 bxa4 19. Rxa4 a6 20. Bf1 f5 21. Bc5 Qc7 22. Nd2 Bxc5 23. bxc5 Ne5 24. Rb1 h6 25. Rba1 Nf7 26. Nc4 e5 27. Nb6 Be6 28. Rxa6 e4 29. e3 Ng5 30. Bc4 Bxc4 1/2-1/2

[Event "GER CM04-A email"]
[Site "GER email"]
[Date "2017.06.26"]
[Round "?"]
[White "Bars, Joachim"]
[Black "Baer, Lutz"]
[Result "0-1"]
[WhiteElo "2386"]
[BlackElo "2382"]
[PlyCount "90"]
[EventDate "2017.??.??"]
[EventType "tourn (corr)"]
[EventRounds "10"]
[EventCountry "GER"]
[SourceTitle "Corr 2020"]
[Source "ChessBase"]
[SourceDate "2019.09.30"]
[SourceVersion "1"]
[SourceVersionDate "2019.09.30"]
[SourceQuality "1"]

1. d4 d5 2. c4 c6 3. Nf3 Nf6 4. Nc3 e6 5. e3 Nbd7 6. Qc2 Bd6 7. Bd3 dxc4 8. Bxc4 0-0 9. 0-0 a6 10. Rd1 b5 11. Bd3 Qc7 12. Bd2 c5 13. Ne4 c4 14. Nxd6 Qxd6 15. Be2 Bb7 16. b3 Bd5 17. Qb2 Ne4 18. Ba5 Rfc8 19. Ne1 f5 20. f3 Nef6 21. Nc2 h5 22. Rac1 h4 23. Nb4 h3 24. g3 Rab8 25. Nxd5 Qxd5 26. Bb4 a5 27. Bd2 g5 28. Rf1 g4 29. e4 fxe4 30. fxg4 e3 31. Bf3 Qg5 32. Be1 Nb6 33. Bxa5 Nbd5 34. a3 Nxg4 35. bxc4 bxc4 36. Qe2 Nf2 37. Rxc4 Rxc4 38. Qxc4 Qf5 39. Qe2 Rc8 40. g4 Qd3 41. Qxd3 Nxd3 42. Be1 N5f4 43. Bg3 e2 44. Rb1 Rc2 45. a4 Ra2 0-1

[Event "GER CM04-A email"]
[Site "GER email"]
[Date "2017.06.26"]
[Round "?"]
[White "Gonzaga Grego, Luis Jose"]
[Black "Baer, Lutz"]
[Result "1/2-1/2"]
[WhiteElo "2405"]
[BlackElo "2382"]
[PlyCount "85"]
[EventDate "2017.??.??"]
[EventType "tourn (corr)"]
[EventRounds "10"]
[EventCountry "GER"]
[SourceTitle "Corr 2020"]
[Source "ChessBase"]
[SourceDate "2019.09.30"]
[SourceVersion "1"]
[SourceVersionDate "2019.09.30"]
[SourceQuality "1"]

1. d4 Nf6 2. c4 e6 3. Nc3 Bb4 4. e3 0-0 5. Bd3 d5 6. Nf3 b6 7. 0-0 Bb7 8. cxd5 exd5 9. a3 Bd6 10. b4 Nbd7 11. Qb3 a6 12. a4 c6 13. a5 b5 14. e4 dxe4 15. Nxe4 Nxe4 16. Bxe4 Nf6 17. Bg5 h6 18. Bxf6 Qxf6 19. Rae1 Rae8 20. Bc2 Bc8 21. Qd3 g6 22. Qc3 Rxe1 23. Rxe1 Be6 24. Ne5 Bd5 25. Re3 Rc8 26. g3 Rc7 27. Be4 Qe6 28. Bf3 Bxf3 29. Nxf3 Qd5 30. Re8+ Kg7 31. h4 h5 32. Ne5 f6 33. Nf3 Re7 34. Rc8 Ra7 35. Rxc6 Bxb4 36. Rc7+ Rxc7 37. Qxc7+ Kg8 38. Qb8+ Bf8 39. Ne1 Qxd4 40. Ng2 b4 41. Nf4 Qe4 42. Qb6 Bh6 43. Qd8+ 1/2-1/2

[Event "GER CM04-A email"]
[Site "GER email"]
[Date "2017.06.26"]
[Round "?"]
[White "Zeihser, Michael"]
[Black "Baer, Lutz"]
[Result "1/2-1/2"]
[WhiteElo "2392"]
[BlackElo "2382"]
[PlyCount "57"]
[EventDate "2017.??.??"]
[EventType "tourn (corr)"]
[EventRounds "10"]
[EventCountry "GER"]
[SourceTitle "Corr 2020"]
[Source "ChessBase"]
[SourceDate "2019.09.30"]
[SourceVersion "1"]
[SourceVersionDate "2019.09.30"]
[SourceQuality "1"]

1. d4 d5 2. c4 c6 3. Nc3 Nf6 4. Nf3 e6 5. e3 Nbd7 6. Qc2 Bd6 7. g4 h6 8. Rg1 e5 9. cxd5 cxd5 10. Nb5 Bb8 11. g5 hxg5 12. Nxg5 e4 13. Bd2 Nb6 14. Rc1 Bd7 15. Nc7+ Bxc7 16. Qxc7 Qxc7 17. Rxc7 Rc8 18. Rxb7 Rc2 19. Bb4 Nc8 20. Rg2 Rxb2 21. Ba6 Rxa2 22. Be2 Rh6 23. Bc5 Ra1+ 24. Kd2 Rh1 25. h3 Rg6 26. Rg3 Ra1 27. Rb8 Ra2+ 28. Ke1 Rh6 29. Rg2 1/2-1/2

[Event "GER-ch49 V04 email"]
[Site "GER email"]
[Date "2017.04.03"]
[Round "?"]
[White "Baer, Lutz"]
[Black "Andersen, Jens Knud"]
[Result "1-0"]
[WhiteElo "2382"]
[BlackElo "2221"]
[PlyCount "119"]
[EventDate "2017.??.??"]
[EventType "tourn (corr)"]
[EventRounds "10"]
[EventCountry "GER"]
[SourceTitle "Corr 2020"]
[Source "ChessBase"]
[SourceDate "2019.09.30"]
[SourceVersion "1"]
[SourceVersionDate "2019.09.30"]
[SourceQuality "1"]

1. d4 Nf6 2. c4 g6 3. Nc3 Bg7 4. e4 d6 5. Nf3 0-0 6. Be2 e5 7. 0-0 Nc6 8. d5 Ne7 9. Ne1 Nd7 10. f3 f5 11. Be3 f4 12. Bf2 g5 13. Rc1 Rf6 14. Nd3 Rh6 15. c5 a6 16. Qb3 Qe8 17. Rfd1 Qh5 18. h3 Nf6 19. Kf1 Ng6 20. Ke1 Nh4 21. Bf1 Bxh3 22. Qxb7 Nxg2+ 23. Bxg2 Bxg2 24. Qxa8+ Bf8 25. Kd2 Bxf3 26. Re1 Qg6 27. Qc8 Rh2 28. Rc2 g4 29. Kc1 g3 30. Bg1 Rxc2+ 31. Kxc2 Nxe4 32. Qxc7 Nf2 33. Bxf2 gxf2 34. Rf1 e4 35. Rxf2 exd3+ 36. Kb3 Qg3 37. Rd2 Be2 38. c6 f3 39. Qa5 Qg6 40. Nd1 Qg1 41. c7 Bxd1+ 42. Ka3 f2 43. Rxf2 Qxf2 44. c8Q Bh5 45. Qb4 d2 46. Qe6+ Bf7 47. Qbg4+ Kh8 48. Qc8 Qe3+ 49. Kb4 a5+ 50. Kxa5 Be8 51. Qc3+ Qxc3+ 52. bxc3 Bh6 53. c4 Bg6 54. Qd1 Kg7 55. c5 dxc5 56. d6 Bf5 57. Kb5 Bg5 58. a4 Bd7+ 59. Kc4 Kf6 60. Kxc5 1-0

[Event "GER-ch49 V04 email"]
[Site "GER email"]
[Date "2017.04.03"]
[Round "?"]
[White "Baer, Lutz"]
[Black "Wolf, Wolfgang"]
[Result "1-0"]
[WhiteElo "2382"]
[BlackElo "2308"]
[PlyCount "109"]
[EventDate "2017.??.??"]
[EventType "tourn (corr)"]
[EventRounds "10"]
[EventCountry "GER"]
[SourceTitle "Corr 2020"]
[Source "ChessBase"]
[SourceDate "2019.09.30"]
[SourceVersion "1"]
[SourceVersionDate "2019.09.30"]
[SourceQuality "1"]

1. d4 d5 2. c4 c6 3. Nf3 Nf6 4. e3 Bf5 5. Nc3 a6 6. Ne5 Nbd7 7. Qb3 Qc7 8. cxd5 Nxe5 9. dxe5 Nxd5 10. Nxd5 cxd5 11. Bd2 e6 12. Rc1 Qd7 13. Be2 Be7 14. Ba5 Rc8 15. Rxc8+ Qxc8 16. Kd2 0-0 17. Rc1 Qa8 18. Bc7 Rc8 19. Qb6 g5 20. Rc3 Kg7 21. a3 Rh8 22. Rb3 Qe8 23. Qxb7 Qa4 24. Rc3 Qh4 25. Bb6 Bd8 26. g3 Qxh2 27. Bxd8 Rxd8 28. Qe7 Rb8 29. Qxg5+ Kf8 30. b4 d4 31. Rc7 Bg6 32. Qf6 dxe3+ 33. Kxe3 Kg8 34. Rc1 a5 35. b5 Qh6+ 36. Qf4 Qf8 37. a4 Qa3+ 38. Kd2 Qb2+ 39. Ke1 Bf5 40. Rd1 Qc2 41. Rd7 Rf8 42. Bd1 Qb1 43. Ke2 Bg6 44. Kf3 Bh5+ 45. g4 Bg6 46. Rd4 Rc8 47. Kg2 Bd3 48. Rd7 Be4+ 49. Bf3 Bxf3+ 50. Qxf3 Rf8 51. Qf4 Qc2 52. Kh2 Qc5 53. Qg5+ Kh8 54. Qf6+ Kg8 55. Rd3 1-0